000 00527cam a2200193ua 4500
001 1843
005 20260515113416.0
008 110811n ii |||gr||||Z||||||eng
040 _cMAIN
082 _a371.26
100 _aPatel, Rambhai N.,
_eAuthor.
245 1 _aEducational evaluation theory & practice
_cby Rambhai N. Patel
250 _a3rd.
260 _aDelhi:
_bHimalaya publishinh house,989.
300 _avii; 304p:
_c23cm.
653 _aEducation
653 _aEducational education theory & practice
942 _cBK
999 _c1725
_d1725